Profitability analysis : Japanese approach
This book introduce about principles for comparing alternative courses ao action. Profitability analysis considering capacitydemand relationships. Various measure for different types of selection, time value of money, selection of capital investment proposals.
Uloženo v:
| Hlavní autor: | |
|---|---|
| Médium: | Kniha |
| Jazyk: | Undetermined |
| Vydáno: |
Tokyo
Asian Productivity Organization
1989
|
| Témata: | |
| Tagy: |
Přidat tag
Žádné tagy, Buďte první, kdo otaguje tento záznam!
|
| Thư viện lưu trữ: | Trung tâm Học liệu Trường Đại học Cần Thơ |
|---|
| LEADER | 00881nam a2200205Ia 4500 | ||
|---|---|---|---|
| 001 | CTU_228580 | ||
| 008 | 210402s9999 xx 000 0 und d | ||
| 082 | |a 658.15 | ||
| 082 | |b S477 | ||
| 100 | |a Senju, Shizuo | ||
| 245 | 0 | |a Profitability analysis : | |
| 245 | 0 | |b Japanese approach | |
| 245 | 0 | |c Shizuo Senju, Tamio Fushimi, Seiichi Fujita ; Consulting editor, John E. Knight | |
| 260 | |a Tokyo | ||
| 260 | |b Asian Productivity Organization | ||
| 260 | |c 1989 | ||
| 520 | |a This book introduce about principles for comparing alternative courses ao action. Profitability analysis considering capacitydemand relationships. Various measure for different types of selection, time value of money, selection of capital investment proposals. | ||
| 650 | |a Hiệu quả chi phí,Cost effectiveness | ||
| 910 | |b dqhieu | ||
| 980 | |a Trung tâm Học liệu Trường Đại học Cần Thơ | ||